Biomes terrestres - Carte Quiz - Statistiques

Statistiques générales
  • Ce quiz a été pris 8 006 fois
  • Le résultat moyen est 6 sur 14
Réponses sur la Carte
Les réponses sont colorées sur une échelle allant du rouge au vert en fonction du pourcentage des utilisateurs qui les ont devinées à leur premier essai. Vous pouvez retrouver ces pourcentages ci-dessous.
 
Statistiques - réponses
Réponse % Correct
Forêts décidues humides tropicales et subtropicales
66%
Déserts et terres arbustives xériques
65%
Forêts, terres boisées et broussailles méditerranéennes
57%
Toundra
52%
Zones terrestres abiotiques
47%
Taïga
43%
Forêts tempérées décidues et mixtes
36%
Forêts décidues sèches tropicales et subtropicales
35%
Prairies, savanes et terres arbustives tropicales et subtropicales
35%
Forêts de conifères tempérées
34%
Prairies et terres arbustives de montagne
34%
Forêts de conifères tropicales et subtropicales
27%
Prairies et savanes inondées
23%
Prairies, savanes et terres arbustives tempérées
23%
Aucun quiz correspondant
Distribution des résultats
% des personnes avec chaque résultat
Percentile par nombre de réponses
Votre historique - résultats
Vous n’avez pas pris ce quiz